00456nam a22001577a 450000500170000001000150001702000260003203500140005803700130007208200110008510000190009624500760011526000290019127000550022030000230027520170721112134.0 aENG-119369 a9789350020081c295.00 aEN-102901 bDBAD/PUB a338.91 aMagdoff, Harry aImperialism ;bform the colonial age to the present /cby Harry Magdoff aDelhibAakar Booksc2010 a28 E Pocket IV, Mayur Vihar Phase IbDelhie110091 a279p.c22cm. (pbk)